003660000a2200085000450024501030000004100140010370000300011710000270014777301060017410aAplicación del análisis de varianza de medidas repetidas en un experimento con metales pesados0 aEspañol1 aCampos, Néstor Hernando1 aGiraldo Henao, Ramón1 tRevista de la Academia Colombiana de Ciencias Exactas, Fisicas y Naturales332h81q467-472d1997g21